| 000 | 00546pam a2200193 i 4500 | ||
|---|---|---|---|
| 001 | 1336594 | ||
| 003 | OSt | ||
| 005 | 20160203082404.0 | ||
| 008 | 790405s1979 nyu 000 1 eng | ||
| 010 | _a 79014294 | ||
| 020 | _a0517539055 | ||
| 040 | _aSEKU | ||
| 050 | 0 | 0 |
_aPZ 4 .S24 _bJu 1979 |
| 100 | 1 | _aSargent, Lynda. | |
| 245 | 1 | 0 |
_aJudith Duchesne : _ba novel / _cby Lynda Sargent ; prepared for publication by Richard Sargent French. |
| 260 |
_aNew York : _bCrown Publishers, _cc1979. |
||
| 300 |
_a177 p. ; _c24 cm. |
||
| 942 |
_2lcc _cGEN |
||
| 999 |
_c10221 _d10221 |
||